minecraft - Statistiques

Statistiques générales
  • Ce quiz a été pris 312 fois
  • Le résultat moyen est 9 sur 11
Statistiques - réponses
Question Réponse % Correct
qu'est ce qu'y enleve tout les degats de chute de l'eau
97%
quel est le mob qui peut se teleporter l'enderman
97%
comment s'apelle le biome ou il ya plein de lave et plein de cochon zombie le nether
97%
comment faire un portail du nether avec de l'obsidienne
95%
qu'est ce qu'y permet d'enchanter son armure et ses armes la table d'enchantement
95%
quel est le mob qui explose au contact le creeper
95%
quel est l'armure la plus forte l'armure en netherite
93%
quel est l'objet qu'on trouve dans l'end qui sert a voler les elytras
91%
quel est la version de minecraft qu'on utilise sur pc java
84%
dans quel biome on trouve le plus d'or la messa
40%
avec quoi peut on faire une ferme a experience du varech
24%
Aucun quiz correspondant
Distribution des résultats
% des personnes avec chaque résultat
Percentile par nombre de réponses
Votre historique - résultats
Vous n’avez pas pris ce quiz